000 00300nam a22001097a 4500
008 241130b |||||||| |||| 00| 0 eng d
041 _aEng
245 _aCompetition Success Review
260 _aNew Delhi
_bCompetition Success Review (CSR)
_c2024
856 _uwww.competitionreview.in
942 _cSR
_s1
999 _c43148
_d43148